000
00226nam a22000857a 4500
008
160708b xxu||||| |||| 00| 0 eng d
100
_9
2442
_a
Page, C.G
245
_a
Neeley Never Said Goodbye
260
_a
Chicago
_b
Moody Press
_c
1991
999
_c
2113
_d
2113